[Event "Michigan Amateur"]
[Site "Flint, MI"]
[Date "1999.07.18"]
[Round "5"]
[White "Hazzard, Bill"]
[Black "Emke, Robert"]
[Result "0-1"]
[WhiteElo "1697"]
[BlackElo "1816"]
[PlyCount "84"]
[EventDate "1999.07.17"]

1. e4 e6 2. d4 d5 3. e5 c5 4. Be3 cxd4 5. Bxd4 Nc6 6. Nf3 Qc7 7. Bb5 Bd7 8.
Bxc6 Bxc6 9. O-O Ne7 10. Nbd2 Nf5 11. c3 Be7 12. Re1 O-O 13. Rc1 b6 14. Nf1 Bd7
15. Ng3 Nxg3 16. hxg3 Rac8 17. Qd2 Qb7 18. Kh2 h6 19. Rh1 Rfd8 20. Kg1 Kf8 21.
Qd3 Ke8 22. Qh7 Bf8 23. Be3 Bc6 24. Qh8 Qe7 25. g4 Kd7 26. g5 Kc7 27. gxh6 gxh6
28. Bxh6 Bxh6 29. Qxh6 Rg8 30. Qf4 Rg7 31. Nd4 Bd7 32. c4 Kb7 33. Rh3 Rcg8 34.
Rh2 Rg4 35. Qe3 Qc5 36. f4 Rg3 37. Qd2 dxc4 38. Rc3 Bc6 39. Rxg3 Rxg3 40. Qf2
Rd3 41. Nf3 Rd1+ 42. Ne1 Rxe1# 0-1

[Event "Michigan Amateur"]
[Site "Flint, MI"]
[Date "1999.07.18"]
[Round "4"]
[White "Halstead, Kevin"]
[Black "Thompson, Dean"]
[Result "1-0"]
[WhiteElo "1704"]
[BlackElo "1515"]
[PlyCount "85"]
[EventDate "1999.07.17"]

1. e4 e5 2. Nf3 Nf6 3. Nxe5 d6 4. Nf3 Nxe4 5. d4 Be7 6. Be2 d5 7. O-O Nc6 8.
Bf4 Bg4 9. c3 Qd7 10. Nbd2 f6 11. Qc2 g5 12. Be3 Bf5 13. Bd3 Nxd2 14. Nxd2 Be6
15. Rfe1 O-O-O 16. Bb5 a6 17. Bd3 Bd6 18. Re2 h5 19. Rae1 Rde8 20. Bxg5 f5 21.
Rxe6 Kb8 22. Rxe8+ Rxe8 23. Rxe8+ Qxe8 24. Nf3 f4 25. Qe2 Qd7 26. Bf6 Qf7 27.
Be5 Nxe5 28. Nxe5 Qe8 29. Bg6 Qa4 30. b3 Qa3 31. Bxh5 Qc1+ 32. Qd1 Qxc3 33. Nf3
c5 34. dxc5 Bxc5 35. Qe1 Qb2 36. Qe5+ Qxe5 37. Nxe5 Kc7 38. Kf1 Bd4 39. Nd3 Bc3
40. Nxf4 Kc6 41. Bf3 Be5 42. Nxd5 Bxh2 43. g3 1-0

[Event "Michigan Amateur"]
[Site "Flint, MI"]
[Date "1999.07.18"]
[Round "4"]
[White "Griffin, John"]
[Black "Councell, Keith"]
[Result "1/2-1/2"]
[WhiteElo "1500"]
[BlackElo "1256"]
[PlyCount "119"]
[EventDate "1999.07.17"]

1. d4 c6 2. c4 d5 3. Nf3 dxc4 4. e3 b5 5. a4 Bd7 6. axb5 cxb5 7. Be2 Nf6 8. O-O
e6 9. b3 cxb3 10. Qxb3 b4 11. Ne5 Nc6 12. Bf3 Qb6 13. Nxc6 Bxc6 14. Nd2 Bxf3
15. Nxf3 Be7 16. Qa4+ Kf8 17. Ne5 g6 18. Bd2 Kg7 19. Rfc1 a5 20. Nc4 Qb8 21.
Nxa5 h5 22. Qb3 Ne4 23. Bxb4 Qxb4 24. Qd3 Nf6 25. Nc6 Rxa1 26. Rxa1 Qd6 27. Qb5
Ng4 28. g3 Rc8 29. Ra6 Qd7 30. h3 Nf6 31. Qa4 Bf8 32. Ne5 Qxa4 33. Rxa4 Bd6 34.
Nf3 Rc2 35. Ng5 Ng8 36. Ra7 Be7 37. Nf3 g5 38. g4 h4 39. Ne5 Rc8 40. Kg2 f6 41.
Nd7 Kg6 42. Nb6 Rc6 43. Rb7 Bd6 44. d5 exd5 45. Nxd5 Rc2 46. Kf3 Be5 47. Rb3
Rd2 48. Nb4 Rb2 49. Rxb2 Bxb2 50. Ke4 Ne7 51. f4 f5+ 52. Kf3 fxg4+ 53. Kxg4 Bc1
54. fxg5 Bxe3 55. Kxh4 Bxg5+ 56. Kg4 Ng8 57. Nd3 Nf6+ 58. Kg3 Kf5 59. Nf2 Bd2
60. Kf3 1/2-1/2

[Event "Michigan Amateur"]
[Site "Flint, MI"]
[Date "1999.07.18"]
[Round "4"]
[White "Feller, Brad"]
[Black "Robertson, John"]
[Result "0-1"]
[WhiteElo "815"]
[BlackElo "1393"]
[PlyCount "86"]
[EventDate "1999.07.17"]

1. e4 e5 2. Nf3 Nc6 3. Nc3 Nf6 4. Bc4 Nxe4 5. Nxe4 d5 6. Bb5 dxe4 7. Bxc6+ bxc6
8. Nxe5 Qg5 9. Nc4 Qxg2 10. Rf1 Bg4 11. Ne3 Qxf1+ 12. Kxf1 Bxd1 13. Nxd1 Bc5
14. Nc3 f5 15. Na4 Bb6 16. d3 exd3 17. cxd3 O-O-O 18. Bf4 Rd4 19. Nxb6+ cxb6
20. Be5 Rxd3 21. Rc1 Kb7 22. Bxg7 Rhd8 23. Ke2 Rd2+ 24. Ke3 R8d3+ 25. Kf4 Rxf2+
26. Ke5 Rd5+ 27. Kf6 Rg2 28. Re1 Rg6+ 29. Kf7 Rd7+ 30. Kf8 Rgxg7 31. b3 Rgf7+
32. Ke8 Rfe7+ 33. Rxe7 Rxe7+ 34. Kxe7 f4 35. Kf7 f3 36. Kg7 f2 37. h4 f1=Q 38.
Kxh7 Qg2 39. h5 Kc7 40. h6 Kd7 41. Kh8 Ke7 42. h7 Kf7 43. a4 Qg7# 0-1

[Event "Michigan Amateur"]
[Site "Flint, MI"]
[Date "1999.07.18"]
[Round "4"]
[White "Evans Jr., Thomas"]
[Black "Gibbs, Tony"]
[Result "1-0"]
[WhiteElo "1232"]
[BlackElo "1406"]
[PlyCount "109"]
[EventDate "1999.07.17"]

1. d4 d5 2. c4 c6 3. e3 Nf6 4. Nc3 g6 5. Nf3 Bg7 6. Be2 O-O 7. O-O Nbd7 8. c5
b6 9. b4 Re8 10. Bb2 e5 11. a3 e4 12. Nd2 Bb7 13. Nb3 Qe7 14. Re1 a5 15. Nd2
axb4 16. axb4 Rxa1 17. Qxa1 Ra8 18. Qd1 bxc5 19. bxc5 Nf8 20. Na4 N6d7 21. Qb3
Bc8 22. Nb6 Nxb6 23. cxb6 Rb8 24. Ba3 Qd8 25. Bc5 Nd7 26. Rb1 Bf8 27. Qb4 h5
28. h3 Kg7 29. f3 f5 30. f4 Nxc5 31. dxc5 Qh4 32. Qd4+ Qf6 33. Nb3 Ra8 34.
Qxf6+ Kxf6 35. Nd4 Bg7 36. Rc1 Ra3 37. Kf2 Ra2 38. Kf1 Ra5 39. Nb3 Ra3 40. Rb1
h4 41. Kf2 Ra2 42. Kf1 Bh6 43. Ra1 Rxa1+ 44. Nxa1 g5 45. fxg5+ Bxg5 46. Kf2 Ke5
47. Nb3 f4 48. Na5 fxe3+ 49. Ke1 Bh6 50. Nxc6+ Kf4 51. Na7 Bb7 52. c6 Bxc6 53.
Nxc6 Bg7 54. b7 Bc3+ 55. Kf1 1-0

[Event "Michigan Amateur"]
[Site "Flint, MI"]
[Date "1999.07.18"]
[Round "4"]
[White "Duncan, Robert"]
[Black "Henry, Robynne"]
[Result "1/2-1/2"]
[WhiteElo "1591"]
[BlackElo "1308"]
[PlyCount "131"]
[EventDate "1999.07.17"]

1. d4 d5 2. Nf3 Nf6 3. Bg5 e6 4. e3 Be7 5. Nbd2 O-O 6. Bd3 Nbd7 7. O-O c5 8. c3
b6 9. Re1 Bb7 10. Qb1 h6 11. Bh4 Re8 12. e4 dxe4 13. Nxe4 cxd4 14. Nxd4 e5 15.
Nf5 Bd5 16. Nxe7+ Qxe7 17. Nxf6+ Nxf6 18. Bxf6 Qxf6 19. Be4 Rad8 20. Bxd5 Rxd5
21. Qe4 Rd2 22. Re2 Rxe2 23. Qxe2 Qe6 24. b3 f5 25. Re1 Qc6 26. c4 e4 27. Qd1
Qe6 28. Qd4 Qe5 29. Rd1 Qxd4 30. Rxd4 Kf7 31. Kf1 Ke6 32. Ke2 Re7 33. Ke3 Rd7
34. g3 g5 35. Rxd7 Kxd7 36. f3 exf3 37. Kxf3 Kd6 38. Ke3 Kc5 39. a3 a6 40. h4
a5 41. Kd3 Kc6 42. Kd4 Kd6 43. b4 a4 44. c5+ bxc5+ 45. bxc5+ Kc6 46. Ke5 f4 47.
gxf4 gxh4 48. Ke4 Kxc5 49. Kf3 Kd4 50. Kg4 h3 51. Kxh3 Kd5 52. Kg3 Ke6 53. Kg4
Kf6 54. Kh5 Kf5 55. Kxh6 Kxf4 56. Kh5 Ke3 57. Kg4 Kd3 58. Kf3 Kc3 59. Ke2 Kc2
60. Ke1 Kc1 61. Ke2 Kc2 62. Ke1 Kb3 63. Kd1 Ka2 64. Kd2 Kxa3 65. Kc2 Ka2 66.
Kc1 1/2-1/2

[Event "Michigan Amateur"]
[Site "Flint, MI"]
[Date "1999.07.18"]
[Round "5"]
[White "Councell, Keith"]
[Black "Reist, Douglas"]
[Result "1-0"]
[WhiteElo "1256"]
[BlackElo "1382"]
[PlyCount "87"]
[EventDate "1999.07.17"]

1. e4 c6 2. d4 d5 3. e5 Bf5 4. c4 e6 5. c5 Nd7 6. Bd3 Bxd3 7. Qxd3 Be7 8. Nf3
f6 9. exf6 Ngxf6 10. Ng5 Nf8 11. Qh3 Qd7 12. O-O e5 13. Qxd7+ N8xd7 14. Ne6 Kf7
15. Ng5+ Kg8 16. dxe5 Nxe5 17. Re1 Nfd7 18. b4 a5 19. f4 Bxg5 20. fxe5 Bxc1 21.
e6 Nf6 22. Rxc1 axb4 23. Rc2 b3 24. Rb2 Rxa2 25. Rbxa2 bxa2 26. Rxa2 Kf8 27.
Ra8+ Ne8 28. Rb8 Ke7 29. Rxb7+ Kxe6 30. Nd2 Rf8 31. Nf3 h6 32. Nd4+ Ke5 33.
Nxc6+ Ke4 34. Re7+ Kd3 35. Ne5+ Kd4 36. c6 g5 37. c7 Nd6 38. Rd7 Rc8 39. Nc6+
Ke3 40. Ne7 Ra8 41. Nxd5+ Ke2 42. Nc3+ Kd2 43. Rxd6+ Kxc3 44. Rd8 1-0

[Event "Michigan Amateur"]
[Site "Flint, MI"]
[Date "1999.07.18"]
[Round "4"]
[White "Choate, Eric"]
[Black "Saylor, Oliver"]
[Result "0-1"]
[WhiteElo "1168"]
[BlackElo "1341"]
[PlyCount "72"]
[EventDate "1999.07.17"]

1. e4 e5 2. Nf3 Nc6 3. Bc4 Bc5 4. d3 h6 5. O-O Nf6 6. Nbd2 O-O 7. c3 d5 8. exd5
Nxd5 9. Re1 Re8 10. Qb3 Nce7 11. Rxe5 c6 12. d4 Bd6 13. Re2 b5 14. Bxd5 Nxd5
15. Qd1 Bg4 16. h3 Bh5 17. Qe1 Qd7 18. Re4 Rxe4 19. Qxe4 Re8 20. Qd3 Nf4 21.
Qf1 Re6 22. b3 Rg6 23. Kh1 Rxg2 24. Qxg2 Nxg2 25. Kxg2 Qf5 26. Bb2 Qg6+ 27. Kh1
Qc2 28. Rg1 Qxb2 29. c4 Bxf3+ 30. Nxf3 Qxf2 31. Rg2 Qf1+ 32. Ng1 Bf4 33. cxb5
cxb5 34. a4 Be3 35. d5 Bxg1 36. Rxg1 Qxh3# 0-1

[Event "Michigan Amateur"]
[Site "Flint, MI"]
[Date "1999.07.18"]
[Round "4"]
[White "Carl, Kevin"]
[Black "Scioly, Tony"]
[Result "1-0"]
[WhiteElo "1936"]
[BlackElo "1527"]
[PlyCount "59"]
[EventDate "1999.07.17"]

1. e4 c5 2. Nc3 Nc6 3. f4 d6 4. Nf3 Nf6 5. Bb5 Bd7 6. O-O g6 7. d3 Bg7 8. Bxc6
Bxc6 9. Qe1 O-O 10. f5 e5 11. Qh4 Nh5 12. Bg5 Bf6 13. g4 Bxg5 14. Nxg5 Nf6 15.
Nxh7 Nxh7 16. f6 Nxf6 17. Rxf6 Kg7 18. Raf1 Be8 19. Nd5 Rh8 20. Qg5 Rc8 21. Ne3
c4 22. Nf5+ Kg8 23. Nxd6 Ra8 24. Qxe5 Qd7 25. Qf4 Rh4 26. h3 Rh7 27. Rxg6+ Rg7
28. Rxg7+ Kxg7 29. Qf6+ Kg8 30. Nf5 1-0

[Event "Michigan Amateur"]
[Site "Flint, MI"]
[Date "1999.07.18"]
[Round "5"]
[White "Cameron, Jay"]
[Black "Choate, Eric"]
[Result "0-1"]
[WhiteElo "1076"]
[BlackElo "1168"]
[PlyCount "130"]
[EventDate "1999.07.17"]

1. d4 d5 2. c4 c6 3. Nc3 Nf6 4. Bg5 e6 5. Nf3 Be7 6. e3 b6 7. cxd5 cxd5 8. Bd3
h6 9. Bh4 Bb7 10. a3 Nc6 11. Bb5 O-O 12. Bxc6 Bxc6 13. O-O Rc8 14. Rc1 Nd7 15.
Bg3 f6 16. Qe2 Nb8 17. Nb5 Qd7 18. Nc3 Bd6 19. Bxd6 Qxd6 20. Rc2 Rc7 21. Rfc1
Rfc8 22. Ne1 Nd7 23. Nb5 Bxb5 24. Qxb5 Rxc2 25. Rxc2 Rxc2 26. Nxc2 Qc7 27. Nb4
Qc1+ 28. Qf1 Qxf1+ 29. Kxf1 Kf7 30. Ke2 a5 31. Nc6 e5 32. a4 g5 33. g4 Ke6 34.
Nd8+ Ke7 35. Nc6+ Kd6 36. Nd8 Ke7 37. Nc6+ Kd6 38. Na7 Ke6 39. Nb5 Nf8 40. Kd2
e4 41. Nc3 Kd6 42. Ne2 Ne6 43. Ng3 Ng7 44. Ke2 Kc6 45. f3 exf3+ 46. Kxf3 Kd6
47. e4 Ke6 48. b3 Kd6 49. exd5 Kxd5 50. Ke3 Kd6 51. Ke4 Ke6 52. d5+ Kd6 53.
Nf5+ Nxf5 54. Kxf5 Kxd5 55. Kxf6 Kc5 56. Kg6 Kb4 57. Kxh6 Kxb3 58. Kxg5 Kxa4
59. Kh5 b5 60. g5 b4 61. g6 b3 62. g7 b2 63. g8=Q b1=Q 64. Qe8+ Qb5+ 65. Qxb5+
Kxb5 0-1

[Event "Michigan Amateur"]
[Site "Flint, MI"]
[Date "1999.07.18"]
[Round "4"]
[White "Brown, Dan"]
[Black "Pascoe, Bramwell"]
[Result "1-0"]
[WhiteElo "1788"]
[BlackElo "1244"]
[PlyCount "83"]
[EventDate "1999.07.17"]

1. Nf3 d5 2. g3 c5 3. Bg2 Nf6 4. O-O Nc6 5. d3 e5 6. c4 d4 7. e4 Be7 8. Nh4 O-O
9. f4 Ng4 10. Nf3 Bf6 11. f5 Be7 12. Qe2 Re8 13. h3 Nh6 14. Bxh6 gxh6 15. h4
Kh8 16. Kh2 Bf6 17. Nbd2 Ne7 18. Bh3 Qc7 19. Rg1 Bd7 20. g4 Rg8 21. g5 hxg5 22.
hxg5 Bg7 23. f6 Bxh3 24. fxg7+ Rxg7 25. Kxh3 Ng6 26. Kh2 Nf4 27. Qf1 Qe7 28.
Rg4 Rag8 29. Rxf4 exf4 30. Qh3 Rxg5 31. Nxg5 Qxg5 32. Nf3 Qg3+ 33. Qxg3 Rxg3
34. Ne1 Re3 35. Kg2 h5 36. Kf2 h4 37. Rd1 h3 38. Nf3 Kg7 39. Rg1+ Kh6 40. Rg4
Rxd3 41. Rxf4 Kg6 42. Ne5+ 1-0

[Event "Michigan Amateur"]
[Site "Flint, MI"]
[Date "1999.07.18"]
[Round "4"]
[White "Aldrich, Justin"]
[Black "Young, Corneil"]
[Result "1/2-1/2"]
[WhiteElo "1500"]
[BlackElo "1185"]
[PlyCount "86"]
[EventDate "1999.07.17"]

1. e4 e5 2. Nf3 Nc6 3. Bc4 Bc5 4. a3 Nf6 5. d3 h6 6. O-O d6 7. h3 O-O 8. Nc3
Be6 9. Bxe6 fxe6 10. Re1 Nd4 11. Be3 a6 12. Rb1 Qe8 13. Na2 Qh5 14. Nxd4 exd4
15. Bd2 e5 16. Qxh5 Nxh5 17. Nc1 Rf7 18. Ne2 Raf8 19. f3 c6 20. Rf1 d5 21. Rbe1
Be7 22. Rd1 Bh4 23. Bb4 Be7 24. Bxe7 Rxe7 25. Rde1 dxe4 26. fxe4 Ref7 27. Rc1
Nf4 28. Nxf4 Rxf4 29. Rxf4 Rxf4 30. Rf1 Rxf1+ 31. Kxf1 Kf7 32. Kf2 g5 33. Kf3
h5 34. g4 h4 35. b4 Ke6 36. Ke2 Kd6 37. Kd2 c5 38. c4 b5 39. cxb5 axb5 40.
bxc5+ Kxc5 41. Kc2 Kb6 42. Kb2 Ka6 43. Kc2 Kb6 1/2-1/2

[Event "Michigan Amateur"]
[Site "Flint, MI"]
[Date "1999.07.18"]
[Round "5"]
[White "Aldrich, Jeff"]
[Black "Halstead, Kevin"]
[Result "1-0"]
[WhiteElo "1934"]
[BlackElo "1704"]
[PlyCount "67"]
[EventDate "1999.07.17"]

1. d4 d5 2. c4 c6 3. Nc3 Nf6 4. Nf3 Bf5 5. Qb3 Qb6 6. c5 Qxb3 7. axb3 Nbd7 8.
b4 Ne4 9. Bf4 Nxc3 10. bxc3 a6 11. e3 e6 12. b5 cxb5 13. Bxb5 Rc8 14. Ba4 f6
15. Kd2 Kd8 16. Nh4 Bg4 17. Rhb1 e5 18. Rxb7 exf4 19. Rab1 Rc7 20. c6 fxe3+ 21.
fxe3 Nc5 22. dxc5 Bxc5 23. Nf3 Bc8 24. Nd4 Re8 25. Rb8 Ree7 26. g4 Ke8 27. g5
Kf7 28. gxf6 gxf6 29. Bb3 Be6 30. Nxe6 Kxe6 31. Rd8 Bd6 32. e4 Rg7 33. Bxd5+
Ke7 34. Rh8 $138 1-0

[Event "U.S. Open"]
[Site "Reno, Nev."]
[Date "1999.08.10"]
[Round "1"]
[White "Addis, Sean"]
[Black "Moody, David"]
[Result "0-1"]
[WhiteElo "1145"]
[BlackElo "1939"]
[PlyCount "64"]
[EventDate "1999.08.10"]

1. e4 e5 2. Nf3 Nc6 3. Bc4 Nf6 4. Ng5 d5 5. Nxf7 Kxf7 6. exd5 Na5 7. Qe2 Nxc4
8. Qxc4 Qxd5 9. Qxd5+ Nxd5 10. d3 Bf5 11. O-O Bc5 12. Nd2 Nb4 13. Nc4 Nxc2 14.
Rb1 Rhe8 15. Be3 Bd4 16. Rbc1 Bxd3 17. Bxd4 Nxd4 18. Rfd1 Ne2+ 19. Kh1 Nxc1 20.
Rxc1 Bxc4 21. Rxc4 c6 22. g3 Rad8 23. Rc2 e4 24. Kg2 e3 25. fxe3 Rxe3 26. Kf2
Red3 27. Ke2 Kf6 28. b3 Kf5 29. Ke1 Ke4 30. Re2+ Re3 31. Kf2 Rxe2+ 32. Kxe2 Rd3
0-1

[Event "U.S. Open"]
[Site "Reno, Nev."]
[Date "1999.08.12"]
[Round "3"]
[White "Sumera, Rosendo"]
[Black "Moody, David"]
[Result "0-1"]
[WhiteElo "1628"]
[BlackElo "1939"]
[PlyCount "44"]
[EventDate "1999.08.10"]

1. e4 e5 2. Nf3 Nc6 3. Bb5 a6 4. Ba4 Nf6 5. O-O Be7 6. Re1 b5 7. Bb3 O-O 8. c3
d5 9. exd5 Nxd5 10. Nxe5 Nxe5 11. Rxe5 c6 12. d4 Bd6 13. Re1 Qh4 14. g3 Qh3 15.
Re4 g5 16. Bxg5 Qf5 17. Bxd5 cxd5 18. Be7 Qxe4 19. Bxd6 Bh3 20. f3 Qe3+ 21. Kh1
Qf2 22. Qg1 Qxf3+ 0-1

[Event "U.S. Open"]
[Site "Reno, Nev."]
[Date "1999.08.13"]
[Round "4"]
[White "Moody, David"]
[Black "Hanken, Jerome"]
[Result "1-0"]
[WhiteElo "1939"]
[BlackElo "2200"]
[PlyCount "91"]
[EventDate "1999.08.10"]

1. e4 g6 2. d4 Bg7 3. Nc3 c6 4. Be3 d5 5. Qd2 Nf6 6. e5 Ng4 7. Bf4 h5 8. Bd3
Nh6 9. Nf3 Bf5 10. O-O-O e6 11. Bg5 Qa5 12. Kb1 b5 13. Nxb5 Qb6 14. Qb4 Bf8 15.
Nd6+ Kd7 16. Qxb6 axb6 17. Bxh6 Bxd6 18. exd6 Rxh6 19. Bxf5 gxf5 20. Ne5+ Ke8
21. Rd3 f6 22. d7+ Nxd7 23. Nxc6 Rc8 24. Na7 Rc4 25. b3 Rc7 26. Nb5 Rc6 27. Re1
Kf7 28. Ree3 f4 29. Rh3 Kg7 30. Rc3 Rxc3 31. Rxc3 Kg6 32. Rc7 Rh7 33. a4 e5 34.
Nc3 f3 35. gxf3 exd4 36. Nxd5 Ne5 37. Rxh7 Kxh7 38. Nxb6 Nc6 39. Nd5 Kg6 40. h4
Kf5 41. f4 Ke6 42. c4 dxc3 43. Nxc3 Kf5 44. Nd5 Kg4 45. Nxf6+ Kxh4 46. Kb2 1-0

[Event "U.S. Open"]
[Site "Reno, Nev."]
[Date "1999.08.15"]
[Round "5"]
[White "Fayvinov, Zakhar"]
[Black "Moody, David"]
[Result "1-0"]
[WhiteElo "2351"]
[BlackElo "1939"]
[PlyCount "49"]
[EventDate "1999.08.10"]

1. d4 Nf6 2. c4 c5 3. d5 e6 4. Nc3 exd5 5. cxd5 d6 6. e4 g6 7. f4 Bg7 8. Bb5+
Nfd7 9. a4 O-O 10. Nf3 Re8 11. O-O a6 12. Bc4 Nf6 13. e5 dxe5 14. fxe5 Ng4 15.
Bg5 f6 16. exf6 Bxf6 17. Bxf6 Qxf6 18. Qd2 Bf5 19. d6+ Kh8 20. Nd5 Qg7 21. Nc7
Nd7 22. Nxa8 Rxa8 23. Rae1 Nge5 24. Nxe5 Nxe5 25. Qd5 1-0

[Event "U.S. Open"]
[Site "Reno, Nev."]
[Date "1999.08.17"]
[Round "7"]
[White "Cassuto, Wellington"]
[Black "Moody, David"]
[Result "0-1"]
[WhiteElo "1652"]
[BlackElo "1939"]
[PlyCount "86"]
[EventDate "1999.08.10"]

1. Nf3 Nf6 2. g3 g6 3. Bg2 Bg7 4. d3 d6 5. O-O O-O 6. e4 c5 7. a4 Nc6 8. Na3
Ng4 9. Nc4 Nge5 10. Nfxe5 Nxe5 11. Ne3 Be6 12. f4 Nc6 13. Rb1 Qa5 14. Ra1 Rab8
15. f5 Bd7 16. Nc4 Qc7 17. Rb1 b5 18. axb5 Rxb5 19. Ne3 Rfb8 20. Nd5 Qd8 21. b3
a5 22. Bg5 h6 23. Bd2 a4 24. Bc3 Nd4 25. Kh1 Bc6 26. Nf4 g5 27. Ne2 Nxe2 28.
Bxg7 Nxg3+ 29. hxg3 Kxg7 30. Qd2 axb3 31. Qc3+ f6 32. cxb3 Qb6 33. Qc4 Rxb3 34.
Qe6 Kf8 35. Rbd1 Rb2 36. Qc4 Qb3 37. Qc1 Qa2 38. Rg1 Rc2 39. Qe3 Rbb2 40. Qf3
Be8 41. Ra1 Rxg2 42. Qxg2 Rxg2 43. Rxa2 Rxa2 0-1

[Event "U.S. Open"]
[Site "Reno, Nev."]
[Date "1999.08.18"]
[Round "8"]
[White "Moody, David"]
[Black "Orton, William"]
[Result "1/2-1/2"]
[WhiteElo "1939"]
[BlackElo "2200"]
[PlyCount "52"]
[EventDate "1999.08.10"]

1. e4 c5 2. d4 cxd4 3. c3 dxc3 4. Nxc3 Nc6 5. Nf3 e6 6. Bc4 Nf6 7. Qe2 d6 8.
O-O Be7 9. Rd1 Qc7 10. Bf4 e5 11. Be3 O-O 12. Rac1 Bg4 13. Bb3 Rac8 14. h3 Bxf3
15. Qxf3 Qd7 16. g4 Ne8 17. g5 Nc7 18. h4 Ne6 19. Nd5 Ned4 20. Bxd4 Nxd4 21.
Qh5 g6 22. Qh6 Rxc1 23. Rxc1 Qg4+ 24. Kf1 Qe2+ 25. Kg1 Qg4+ 26. Kf1 Qe2+
1/2-1/2

[Event "U.S. Open"]
[Site "Reno, Nev."]
[Date "1999.08.19"]
[Round "9"]
[White "Brasket, Curt"]
[Black "Moody, David"]
[Result "1-0"]
[WhiteElo "2209"]
[BlackElo "1939"]
[PlyCount "49"]
[EventDate "1999.08.10"]

1. e4 e5 2. Nf3 Nc6 3. Nc3 Nf6 4. a3 d5 5. Bb5 d4 6. Ne2 Nxe4 7. O-O Bd6 8.
Nexd4 exd4 9. Re1 O-O 10. Rxe4 Bf5 11. Bxc6 bxc6 12. Rxd4 Re8 13. d3 Qe7 14.
Bd2 c5 15. Rh4 Rab8 16. Bc3 f6 17. Qd2 Qd7 18. h3 g5 19. Nxg5 fxg5 20. Qxg5+
Bg6 21. Qf6 Rbd8 22. Qh8+ Kf7 23. Qg7+ Ke6 24. Qf6+ Kd5 25. Qf3+ 1-0

[Event "Michigan Open"]
[Site "Cadillac, MI"]
[Date "1999.09.??"]
[Round "7"]
[White "Wysocki, Jason"]
[Black "Hartwig, Thomas"]
[Result "1/2-1/2"]
[WhiteElo "2268"]
[BlackElo "2076"]
[PlyCount "124"]
[EventDate "1999.09.03"]

1. Nf3 d5 2. c4 c6 3. g3 Nf6 4. Bg2 dxc4 5. O-O Nbd7 6. a4 Nc5 7. b4 cxb3 8.
Ba3 e6 9. d4 Nce4 10. Bxf8 Kxf8 11. Qxb3 b6 12. Nc3 Nxc3 13. Qxc3 Bb7 14. Ne5
Rc8 15. Rac1 g6 16. g4 Kg7 17. g5 Nd5 18. Qg3 f6 19. e4 fxe5 20. exd5 Qc7 21.
dxc6 Ba6 22. Rfe1 exd4 23. Qh4 Rhf8 24. Qxd4+ Kg8 25. Rxe6 Qf4 26. Qd5 Rcd8 27.
Rf6+ Rxd5 28. Bxd5+ Kg7 29. Rxf4 Rxf4 30. Be6 Rf8 31. c7 Bc8 32. Bxc8 Rxc8 33.
f4 Kf7 34. h4 a6 35. Kf2 b5 36. axb5 axb5 37. Ke3 b4 38. Rc4 Ke6 39. Kd4 Kd6
40. Kd3 Rxc7 41. Rxb4 Ra7 42. Kd4 Rf7 43. Ke4 Re7+ 44. Kf3 Ke6 45. Kg4 Kf7 46.
h5 Kg7 47. h6+ Kf7 48. Rb8 Re8 49. Rb3 Kg8 50. Rb7 Rf8 51. Rg7+ Kh8 52. Kg3 Rf5
53. Re7 Kg8 54. Kf3 Rf7 55. Re5 Rf8 56. Ke4 Rf7 57. Re6 Rf8 58. Ra6 Rf7 59. Ra4
Rf8 60. Ke5 Rf7 61. Ke6 Rf8 62. Rb4 Rf7 1/2-1/2

[Event "Michigan Open"]
[Site "Cadillac, MI"]
[Date "1999.09.??"]
[Round "4"]
[White "Wysocki, Jason"]
[Black "Hankinson, Chris"]
[Result "1/2-1/2"]
[WhiteElo "2268"]
[BlackElo "2014"]
[PlyCount "104"]
[EventDate "1999.09.03"]

1. c4 e6 2. Nf3 Nf6 3. g3 d5 4. b3 Be7 5. Bb2 c6 6. Bg2 Nbd7 7. O-O O-O 8. d3
Re8 9. Nbd2 Bf8 10. cxd5 exd5 11. Re1 a5 12. Qc2 g6 13. Rad1 Bg7 14. e4 Qb6 15.
exd5 Rxe1+ 16. Rxe1 cxd5 17. Bd4 Qa6 18. Qc7 h6 19. Qd8+ Nf8 20. Qe7 Bd7 21.
Ne5 Be6 22. Ndf3 Re8 23. Qc7 Rc8 24. Qe7 Re8 25. Qa3 N8d7 26. Qb2 Nxe5 27. Nxe5
Bf5 28. Re3 h5 29. h3 Bh6 30. f4 Bg7 31. Kh2 Qd6 32. a3 Rc8 33. b4 axb4 34.
axb4 Ne8 35. Nf3 Bxd4 36. Nxd4 Bd7 37. f5 gxf5 38. Qf2 Ng7 39. b5 h4 40. Kg1
Rc1+ 41. Bf1 hxg3 42. Rxg3 f4 43. Rf3 Nh5 44. Ne2 Qg6+ 45. Kh2 Rc2 46. Qg2 Bxb5
47. Qxg6+ fxg6 48. Kg1 g5 49. Nd4 Rb2 50. Ne6 Ng3 51. Nxg5 Nxf1 52. Kxf1 Rd2
1/2-1/2

[Event "Michigan Open"]
[Site "Cadillac, MI"]
[Date "1999.09.??"]
[Round "2"]
[White "Wysocki, Jason"]
[Black "Fuller, William"]
[Result "1/2-1/2"]
[WhiteElo "2268"]
[BlackElo "2103"]
[PlyCount "30"]
[EventDate "1999.09.03"]

1. c4 c6 2. Nf3 d5 3. g3 Nf6 4. Bg2 dxc4 5. O-O g6 6. a4 Bg7 7. Na3 O-O 8. Nxc4
Na6 9. d3 Be6 10. Ne3 Nd5 11. Ng5 Nxe3 12. Bxe3 Bd5 13. Bxd5 Qxd5 14. Qd2 Nc5
15. Qb4 b6 1/2-1/2

[Event "Michigan Open"]
[Site "Cadillac, MI"]
[Date "1999.09.??"]
[Round "6"]
[White "Wysocki, Jason"]
[Black "Chehayeb, Sal"]
[Result "1-0"]
[WhiteElo "2268"]
[BlackElo "2003"]
[PlyCount "65"]
[EventDate "1999.09.03"]

1. Nf3 Nf6 2. g3 g6 3. b3 Bg7 4. Bb2 O-O 5. Bg2 d6 6. d4 c5 7. O-O cxd4 8. Nxd4
Qb6 9. Nd2 Nc6 10. Nc4 Qc7 11. Ne3 Nxd4 12. Bxd4 Be6 13. c4 Rac8 14. Rc1 b6 15.
Qd2 Qd7 16. Rfd1 Rfd8 17. Qb2 h5 18. Nd5 Bxd5 19. cxd5 Qf5 20. Rc6 e5 21. dxe6
fxe6 22. Rxc8 Rxc8 23. e4 Qg5 24. h4 Qg4 25. f3 Qxg3 26. Bxf6 Bh6 27. Bg5 Bg7
28. Qf2 Qe5 29. Be3 Qf6 30. Rxd6 Qa1+ 31. Bf1 Qb1 32. Rxe6 Rc2 33. Qg3 1-0

[Event "Michigan Open"]
[Site "Cadillac, MI"]
[Date "1999.09.??"]
[Round "1"]
[White "Ward, Tom"]
[Black "Revnell, Joseph"]
[Result "1-0"]
[WhiteElo "2211"]
[BlackElo "1519"]
[PlyCount "99"]
[EventDate "1999.09.03"]

1. e4 c5 2. Nf3 Nc6 3. d4 cxd4 4. Nxd4 Nxd4 5. Qxd4 Qc7 6. Nc3 e6 7. Be3 a6 8.
O-O-O Be7 9. e5 b5 10. Ne4 Bb7 11. Nd6+ Kf8 12. Nxb7 Qxb7 13. Qxd7 Qxd7 14.
Rxd7 Nh6 15. Be2 Nf5 16. Bf3 Rd8 17. Rxd8+ Bxd8 18. Bc5+ Kg8 19. Rd1 Bg5+ 20.
Kb1 g6 21. Rd7 Bf4 22. Bb4 Bxe5 23. Bb7 Kg7 24. Bxa6 Rb8 25. g3 Rb6 26. Bb7 Nd6
27. Bg2 Nc4 28. b3 Bd6 29. Bc3+ Be5 30. Bb4 Bd6 31. Be1 Ne5 32. Bc3 Kf8 33.
Rxd6 Rxd6 34. Bxe5 Rd2 35. Bc6 Ke7 36. f3 Rxh2 37. Bc3 Rg2 38. g4 f5 39. gxf5
exf5 40. Bxb5 h5 41. f4 h4 42. Bc6 Rf2 43. Be5 h3 44. a4 h2 45. a5 Rf1+ 46. Kb2
h1=Q 47. Bxh1 Rxh1 48. a6 Rd1 49. a7 Rd8 50. Bb8 1-0

[Event "Michigan Open"]
[Site "Cadillac, MI"]
[Date "1999.09.??"]
[Round "3"]
[White "Ward, Tom"]
[Black "Palmer, Tony"]
[Result "0-1"]
[WhiteElo "2211"]
[BlackElo "2058"]
[PlyCount "78"]
[EventDate "1999.09.03"]

1. e4 e5 2. Bc4 Nf6 3. Qe2 Nc6 4. Nf3 Bc5 5. c3 d6 6. d3 Bg4 7. h3 Bh5 8. Nbd2
Qe7 9. Nf1 a6 10. Bb3 Rd8 11. g4 Bg6 12. Bg5 h6 13. Bh4 Bh7 14. g5 hxg5 15.
Bxg5 Bg6 16. Ng3 Qd7 17. Nh4 Rc8 18. O-O-O Bh5 19. Nxh5 Nxh5 20. Qf3 b5 21. Be3
Bxe3+ 22. fxe3 Na5 23. Bc2 c5 24. d4 cxd4 25. exd4 Nc6 26. Kb1 exd4 27. cxd4
Nb4 28. Bb3 a5 29. Rhf1 Rc7 30. a3 a4 31. Bxf7+ Qxf7 32. Qxf7+ Rxf7 33. Nf5
Rxf5 34. Rxf5 Nc6 35. Rxb5 Kd7 36. Rb7+ Kc8 37. Rf7 Nd8 38. Rc1+ Kb8 39. Rd7
Nf4 $138 0-1

[Event "Michigan Open"]
[Site "Cadillac, MI"]
[Date "1999.09.??"]
[Round "5"]
[White "Ward, Tom"]
[Black "Bailey, Greg"]
[Result "0-1"]
[WhiteElo "2211"]
[BlackElo "1911"]
[PlyCount "58"]
[EventDate "1999.09.03"]

1. e4 e6 2. d4 d5 3. Nc3 Bb4 4. e5 b6 5. Qg4 g6 6. h4 h5 7. Qf3 Ba6 8. Bxa6
Nxa6 9. Qd3 Qc8 10. Nge2 Be7 11. Bg5 Nb4 12. Qd2 c5 13. Rh3 cxd4 14. Nxd4 Bc5
15. Kf1 Bxd4 16. Qxd4 Qa6+ 17. Kg1 Nxc2 18. Qf4 Nxa1 19. Rf3 Rh7 20. a4 Qc4 21.
Qe3 Nc2 22. Qd2 Nd4 23. Rf4 Nb3 24. Qd1 Qc7 25. Qxb3 Qxe5 26. Qb5+ Kf8 27. Qc6
Re8 28. Nb5 f6 29. Nd6 Rd8 0-1